000 00433nam a22001577a 4500
999 _c4133
_d4133
008 200720b ||||| |||| 00| 0 eng d
082 0 0 _a623.81
_bH7161
100 _9129
_aHogg, Robert S.
245 1 0 _aNaval architecture and ship construction
_cby Robert S. Hogg
250 _a3rd ed.
260 _aGlasgow
_bInstitute of marine engineers
_c1942
300 _a322 p.
365 _d6.14
650 0 _aNaval Architecture
942 _cBK